<?xml version="1.0" encoding="UTF-8"?>
<record
    xmlns:xsi="http://www.w3.org/2001/XMLSchema-instance"
    xsi:schemaLocation="http://www.loc.gov/MARC21/slim http://www.loc.gov/standards/marcxml/schema/MARC21slim.xsd"
    xmlns="http://www.loc.gov/MARC21/slim">

  <leader>01125cam a2200265 i 4500</leader>
  <datafield tag="999" ind1=" " ind2=" ">
    <subfield code="c">57987</subfield>
    <subfield code="d">57987</subfield>
  </datafield>
  <controlfield tag="001">18599675</controlfield>
  <controlfield tag="005">20221122173431.0</controlfield>
  <controlfield tag="008">150501s2016    nyu      b    001 0 eng  </controlfield>
  <datafield tag="020" ind1=" " ind2=" ">
    <subfield code="a">9781138914049x</subfield>
  </datafield>
  <datafield tag="041" ind1=" " ind2=" ">
    <subfield code="a">eng</subfield>
  </datafield>
  <datafield tag="080" ind1=" " ind2=" ">
    <subfield code="a">336 F-54</subfield>
  </datafield>
  <datafield tag="245" ind1="0" ind2="0">
    <subfield code="a">Financial regulation in the European Union /</subfield>
    <subfield code="c">edited by Rainer Kattel, Jan Kregel and Mario Tonveronachi.</subfield>
  </datafield>
  <datafield tag="250" ind1=" " ind2=" ">
    <subfield code="a">First Edition.</subfield>
  </datafield>
  <datafield tag="264" ind1=" " ind2="1">
    <subfield code="a">New York :</subfield>
    <subfield code="b">Routledge, Taylor &amp; Francis</subfield>
    <subfield code="c">2016.</subfield>
  </datafield>
  <datafield tag="300" ind1=" " ind2=" ">
    <subfield code="a">331 pages ;</subfield>
    <subfield code="c">24 cm.</subfield>
  </datafield>
  <datafield tag="490" ind1="1" ind2=" ">
    <subfield code="a">Routledge critical studies in finance and stability ;</subfield>
    <subfield code="v">7</subfield>
  </datafield>
  <datafield tag="504" ind1=" " ind2=" ">
    <subfield code="a">Includes bibliographical references and index.</subfield>
  </datafield>
  <datafield tag="653" ind1=" " ind2=" ">
    <subfield code="a">&#x10E4;&#x10D8;&#x10DC;&#x10D0;&#x10DC;&#x10E1;&#x10E3;&#x10E0;&#x10D8; &#x10E0;&#x10D4;&#x10D2;&#x10E3;&#x10DA;&#x10D0;&#x10EA;&#x10D8;&#x10D0; &#x10D4;&#x10D5;&#x10E0;&#x10DD;&#x10D9;&#x10D0;&#x10D5;&#x10E8;&#x10D8;&#x10E0;&#x10E8;&#x10D8;</subfield>
  </datafield>
  <datafield tag="653" ind1=" " ind2=" ">
    <subfield code="a">&#x10DB;&#x10DD;&#x10DC;&#x10D4;&#x10E2;&#x10D0;&#x10E0;&#x10E3;&#x10DA;&#x10D8; &#x10DE;&#x10DD;&#x10DA;&#x10D8;&#x10E2;&#x10D8;&#x10D9;&#x10D0;</subfield>
  </datafield>
  <datafield tag="653" ind1=" " ind2=" ">
    <subfield code="a">&#x10D1;&#x10D0;&#x10DC;&#x10D9;&#x10D4;&#x10D1;&#x10D8; &#x10D3;&#x10D0; &#x10E1;&#x10D0;&#x10D1;&#x10D0;&#x10DC;&#x10D9;&#x10DD; &#x10E1;&#x10D0;&#x10E5;&#x10DB;&#x10D4;</subfield>
  </datafield>
  <datafield tag="700" ind1="1" ind2=" ">
    <subfield code="a">Kattel, Rainer,</subfield>
    <subfield code="d">1974-</subfield>
    <subfield code="e">&#x10E0;&#x10D4;&#x10D3;&#x10D0;&#x10E5;&#x10E2;&#x10DD;&#x10E0;&#x10D8;</subfield>
    <subfield code="9">11418</subfield>
  </datafield>
  <datafield tag="700" ind1="1" ind2=" ">
    <subfield code="a">Kregel, J. A.,</subfield>
    <subfield code="e">&#x10E0;&#x10D4;&#x10D3;&#x10D0;&#x10E5;&#x10E2;&#x10DD;&#x10E0;&#x10D8;</subfield>
    <subfield code="9">11419</subfield>
  </datafield>
  <datafield tag="700" ind1="1" ind2=" ">
    <subfield code="a">Tonveronachi, Mario,</subfield>
    <subfield code="e">&#x10E0;&#x10D4;&#x10D3;&#x10D0;&#x10E5;&#x10E2;&#x10DD;&#x10E0;&#x10D8;</subfield>
    <subfield code="9">11420</subfield>
  </datafield>
  <datafield tag="942" ind1=" " ind2=" ">
    <subfield code="2">udc</subfield>
    <subfield code="c">BK</subfield>
  </datafield>
  <datafield tag="952" ind1=" " ind2=" ">
    <subfield code="0">0</subfield>
    <subfield code="1">0</subfield>
    <subfield code="2">udc</subfield>
    <subfield code="4">0</subfield>
    <subfield code="6">336_F54</subfield>
    <subfield code="7">0</subfield>
    <subfield code="9">90149</subfield>
    <subfield code="a">CPL</subfield>
    <subfield code="b">CPL</subfield>
    <subfield code="c">GEN</subfield>
    <subfield code="d">2021-04-16</subfield>
    <subfield code="g">324.00</subfield>
    <subfield code="o">336 F-54</subfield>
    <subfield code="p">54201</subfield>
    <subfield code="r">2021-04-16</subfield>
    <subfield code="t">54201</subfield>
    <subfield code="w">2021-04-16</subfield>
    <subfield code="y">BK</subfield>
    <subfield code="z">324.00 GEL.</subfield>
  </datafield>
  <datafield tag="952" ind1=" " ind2=" ">
    <subfield code="0">0</subfield>
    <subfield code="1">0</subfield>
    <subfield code="2">udc</subfield>
    <subfield code="4">0</subfield>
    <subfield code="6">336_F54</subfield>
    <subfield code="7">0</subfield>
    <subfield code="9">90150</subfield>
    <subfield code="a">CPL</subfield>
    <subfield code="b">CPL</subfield>
    <subfield code="c">GEN</subfield>
    <subfield code="d">2021-04-16</subfield>
    <subfield code="g">324.00</subfield>
    <subfield code="o">336 F-54</subfield>
    <subfield code="p">54202</subfield>
    <subfield code="r">2021-04-16</subfield>
    <subfield code="t">54202</subfield>
    <subfield code="w">2021-04-16</subfield>
    <subfield code="y">BK</subfield>
    <subfield code="z">324.00 GEL.</subfield>
  </datafield>
</record>
